All Countries by Lowest Point - Statistics

General Stats
  • This quiz has been taken 853 times
  • The average score is 23 of 80
Answer Stats
Lowest point Country % Correct
1. 1,400 m (4,593 ft) Lesotho
80%
3. 840 m (2,756 ft) Andorra
65%
2. 950 m (3,117 ft) Rwanda
63%
79. −418 m (−1,371 ft) Israel
57%
80. −418 m (−1,371 ft) Jordan
57%
4. 772 m (2,533 ft) Burundi
56%
9. 430 m (1,411 ft) Liechtenstein
54%
5. 621 m (2,037 ft) Uganda
52%
6. 518 m (1,699 ft) Mongolia
47%
24. 97 m (318 ft) Bhutan
46%
8. 435 m (1,427 ft) Kyrgyzstan
46%
18. 195 m (640 ft) Switzerland
45%
14. 300 m (984 ft) Tajikistan
45%
31. 70 m (230 ft) Nepal
44%
23. 114 m (374 ft) Austria
40%
26. 90 m (295 ft) Bolivia
40%
7. 513 m (1,683 ft) Botswana
39%
71. −85.5 m (−280.5 ft) United States
39%
15. 258 m (846 ft) Afghanistan
37%
12. 335 m (1,099 ft) Central African Republic
37%
10. 400 m (1,312 ft) Armenia
36%
13. 329 m (1,079 ft) Zambia
36%
20. 160 m (525 ft) Chad
35%
16. 200 m (656 ft) Niger
35%
17. 200 m (656 ft) Burkina Faso
34%
34. 46 m (151 ft) Paraguay
34%
32. 55 m (180 ft) San Marino
34%
11. 400 m (1,312 ft) South Sudan
34%
25. 94 m (308 ft) Slovakia
33%
19. 162 m (531 ft) Zimbabwe
33%
22. 115 m (377 ft) Czech Republic
32%
29. 76 m (249 ft) Hungary
32%
38. 23 m (75 ft) Mali
32%
30. 70 m (230 ft) Laos
31%
21. 133 m (436 ft) Luxembourg
31%
40. 2 m (7 ft) Moldova
31%
56. −7 m (−23 ft) Netherlands
31%
37. 28 m (92 ft) Serbia
31%
33. 50 m (164 ft) Macedonia
30%
35. 37 m (121 ft) Malawi
30%
36. 33 m (108 ft) Vatican City
30%
73. −125 m (−410 ft) Ethiopia
29%
28. 80 m (262 ft) Kosovo
29%
74. −132 m (−433 ft) Kazakhstan
28%
58. −12 m (−39 ft) Uzbekistan
28%
27. 90 m (295 ft) Belarus
27%
39. 21 m (69 ft) Swaziland
26%
78. −214 m (−702 ft) Syria
26%
70. −81 m (−266 ft) Turkmenistan
26%
63. −28 m (−92 ft) Russia
24%
76. −154 m (−505 ft) China
22%
61. −28 m (−92 ft) Azerbaijan
21%
77. −155 m (−509 ft) Djibouti
20%
50. −3.5 m (−11.5 ft) Germany
20%
45. −2 m (−6.6 ft) France
19%
41. −0.2 m (−0.7 ft) Nigeria
18%
75. −133 m (−436 ft) Egypt
17%
52. −4 m (−13 ft) United Kingdom
17%
46. −2 m (−6.6 ft) New Zealand
16%
55. −7 m (−23 ft) Denmark
15%
69. −75 m (−246 ft) Eritrea
15%
59. −15 m (−49 ft) Australia
14%
49. −3.2 m (−10.5 ft) Italy
14%
43. −1.3 m (−4.3 ft) Lithuania
14%
42. −0.5 m (−1.6 ft) Philippines
14%
44. −1.8 m (−5.9 ft) Poland
14%
48. −2.4 m (−7.9 ft) Sweden
14%
72. −105 m (−344 ft) Argentina
13%
47. −2.2 m (−7.2 ft) India
13%
67. −47 m (−154 ft) Libya
13%
65. −40 m (−131 ft) Algeria
11%
62. −28 m (−92 ft) Iran
11%
51. −4 m (−13 ft) Japan
11%
57. −10 m (−33 ft) Mexico
11%
60. −17 m (−56 ft) Tunisia
11%
68. −55 m (−180 ft) Morocco
9%
54. −5 m (−16 ft) Ukraine
9%
53. −5 m (−16 ft) Mauritania
8%
64. −34 m (−112 ft) Peru
7%
66. −46 m (−151 ft) Dominican Republic
6%
No matching quizzes found
Score Distribution
Percent of People with Each Score
Percentile by Number Answered
Your Score History
You have not taken this quiz